000 01591nam a2200289 a 4500
001 BRCA_5139
005 20190320204945.0
008 221110s1824----mx-######v---#000-0#spa-#
041 _aspa
044 _amx
084 _aDOC130
_b.D66
_c1824
100 1 _aDomínguez, José Ignacio
_913127
245 1 0 _aDocumento firmado por Don José Ignacio Domínguez
_cJosé Ignacio Domínguez.
260 _aMéxico
_c1824
300 _a[4] fojas
_c32 x 23 cm.
500 _aDocumento que contiene informes Fiscales de algunos cargos de ese año: Sumas del Cargo y Data de enero; existencia para febrero; Sumas, Carga y Data de mayo; existencias para junio.
500 _aAl margen en la parte superior contiene dos sellos españoles uno con la efigie de Fernando VII y otro con el escudo de la Casa de Borbón y el lema: ´SELLO QUARTO, UN CUARTILLO. AÑOS DE 1822 Y 1823. Habilitado jurada por el Rey. La Constitución en 9 de marzo de 1828´ y al margen izquierdo sello con el escudo nacional y el lema: ´HABILITADO POR LA REPÚBLICA MEXICANA PARA LOS AÑOS DE 1824 Y 1825´.
500 _aEl documento contiene la leyenda DOC. #298.
500 _aPapel con marca de agua.
506 0 _aFondo Reservado. Para su consulta es necesario credencial de usuario y carta de motivos.
546 _aTexto en: español de principios del siglo XIX.
600 1 4 _aDomínguez, José Ignacio
_xHistoria
_913128
650 1 4 _aDocumentos legales
_vManuscritos
_xHistoria
_912814
651 4 _aMéxico
_xHistoria
_yPrimeros gobiernos independientes, 1821-1824
_913129
902 _aFDH
942 _2lcc
_cD
999 _c4833
_d4833